Nhà lãnh đạo không chức danh

Cuốn sách hướng dẫn bạn cách làm việc và tạo ảnh hưởng đến người khác, nhận biết và nắm bắt cơ hội vào những thời điểm thay đổi, thủ thuật để trở nên cứng rắn cả về thể chất lẫn tinh thần, đánh bại sự căng thẳng, giải phón...

Volledige beschrijving

Bewaard in:
Bibliografische gegevens
Hoofdauteur: Sharma, Robin
Andere auteurs: Nguyễn Minh Thiên Kim (Dịch)
Formaat: Boek
Taal:Vietnamese
Gepubliceerd in: Tp. Hồ Chí Minh Trẻ 2019
Editie:In lần thứ 14
Onderwerpen:
Tags: Voeg label toe
Geen labels, Wees de eerste die dit record labelt!
Thư viện lưu trữ: Thư viện Trường Đại học Nam Cần Thơ
LEADER 01432nam a22002297a 4500
001 NCT_67710
008 190904b xxu||||| |||| 00| 0 vie d
999 |c 3273  |d 3273 
020 |a 9786041121935  |c 80000 
082 0 4 |2 23rd ed.  |a 658.409  |b S931 
100 1 |a Sharma, Robin 
245 1 0 |a Nhà lãnh đạo không chức danh  |c Robin Sharma ; Nguyễn Minh Thiên Kim (dịch) 
250 |a In lần thứ 14 
260 |a Tp. Hồ Chí Minh  |b Trẻ  |c 2019 
300 |a 269 tr.  |c 21cm 
520 3 |a Cuốn sách hướng dẫn bạn cách làm việc và tạo ảnh hưởng đến người khác, nhận biết và nắm bắt cơ hội vào những thời điểm thay đổi, thủ thuật để trở nên cứng rắn cả về thể chất lẫn tinh thần, đánh bại sự căng thẳng, giải phóng năng lượng và cân bằng cuộc sống cá nhân, 
653 |a Sách tham khảo 
700 1 |a Nguyễn Minh Thiên Kim  |e Dịch 
942 |2 ddc  |c BK 
952 |0 0  |1 0  |2 ddc  |4 0  |6 658_409000000000000_S931  |7 0  |9 17582  |a 000001  |b 000001  |d 2019-09-04  |o 658.409 S931  |p TK.01617  |r 2019-09-04  |v 80000.00  |w 2019-09-04  |y BK 
952 |0 0  |1 0  |2 ddc  |4 0  |6 658_409000000000000_S931  |7 0  |9 17583  |a 000001  |b 000001  |d 2019-09-04  |o 658.409 S931  |p TK.01618  |r 2019-09-04  |v 80000.00  |w 2019-09-04  |y BK 
980 |a Thư viện Trường Đại học Nam Cần Thơ